| 000 | 01085nam0a22002411 4500 | ||
|---|---|---|---|
| 001 | rc\416312 | ||
| 005 | 20030616170239.8 | ||
| 035 | _a(NLR Aleph) 005664046 | ||
| 090 |
_a6903670 _c6903670 |
||
| 100 | _a20030616d1988 u |0rusy50 ca | ||
| 101 | 0 | _arus | |
| 102 | _aRU | ||
| 105 | _aa ||||||||| | ||
| 200 | 1 |
_aПрименение элементов сварочной специализации при изучении высшей математики _e[Учеб. пособие для техн. вузов] _fМ-во высш. и сред. спец. образования УССР, Учеб.-метод. каб. по высш. образованию, Киев. политехн. ин-т им. 50-летия Великой Окт. соц. революции |
|
| 210 |
_aКиев _cУМКВО _d1988 |
||
| 215 |
_a198 с. _cил. _d20 |
||
| 320 | _aБиблиогр.: с. 196-197 (24 назв.) | ||
| 700 | 1 |
_aБахтина _bГ. П. _gГалина Петровна |
|
| 801 | 0 |
_aRU _bNLR _gpsbo |
|
| 801 | 1 |
_aRU _bELAR _2rusmarc |
|
| 852 |
_aNLR _j89-3/5465 |
||
| 942 | _cBOOK | ||
| 980 | _aNB | ||